| 000 | 00774nam a2200157 i 4500 | ||
|---|---|---|---|
| 001 | 180576 | ||
| 003 | ES-MaACL | ||
| 005 | 20230906221133.0 | ||
| 008 | 120614s1908 sp |||| | spa d | ||
| 100 | 1 |
_aMur Grande, Ricardo. _9150561 |
|
| 245 | 1 | 0 |
_aProntuario del vigilante de prisiones _b: consideraciones generales acerca de sus deberes y recopilación de las principales disposiciones que conviene tener presente á dichos funcionarios para el mas acertado desempeño del cargo / _credactado por Ricardo Mur Grande. |
| 260 |
_aSantoña : _b[s.n.], _c1908 ( _fImp. de José H. García) |
||
| 300 |
_a496 p. ; _c21 cm. |
||
| 650 | 4 |
_aEstablecimientos penitenciarios- _xPersonal. _9150562 |
|
| 852 |
_aES-MaACL _jD-269 _z.- Dedicatoria manuscrita del autor a Segismundo Moret |
||
| 999 |
_c180576 _d180576 |
||